| 000 | 00589nam a2200241Ia 4500 | ||
|---|---|---|---|
| 008 | 160803s9999 xx 000 0 und d | ||
| 020 | _a978-0152004439 | ||
| 100 | _aAsch, Frank | ||
| 245 | 4 | _aThe Earth and I / | |
| 245 | _cFrank Asch. | ||
| 260 | _aNew York : | ||
| 260 | _bScholastic Inc. | ||
| 260 | _c1994 | ||
| 300 | _a1 volume (unpaged) : | ||
| 300 | _bcolor illustrations ; | ||
| 300 | _c26 cm | ||
| 650 | _aEarth (Planet) | ||
| 650 | _aEarth (Planet) -- | ||
| 650 | _aEarth (Planet) -- | ||
| 650 | _xFiction. | ||
| 650 | _xJuvenile fiction. | ||
| 700 | _aBR | ||
| 999 |
_c298138 _d298138 |
||